|
|
|
|
| LEADER |
00000nab a2200000 a 4500 |
| 001 |
vtls000050369 |
| 003 |
SK-MaSNL |
| 005 |
20260304074729.0 |
| 008 |
250423c1979 xo 0 slo |
| 015 |
|
|
|a SNBRB19rr/mm-uuuuu
|
| 035 |
|
|
|a CL0060466
|
| 035 |
|
|
|a urn:nbn:sk:snk-abeinm
|
| 035 |
|
|
|a (urnnbn)urn:nbn:sk:snk:ar-000eo8
|
| 035 |
|
|
|a (uuid)3972ad64-d6e5-4c00-935a-95a0297846e9
|
| 040 |
|
|
|a SNKBUCL
|b slo
|c SNKBUCL
|e AACR2
|
| 041 |
0 |
|
|a slo
|
| 044 |
|
|
|a xo
|c SK
|
| 080 |
|
|
|a 82:929:885.4
|2 1981
|
| 080 |
|
|
|a 885.4
|2 1981
|
| 080 |
|
|
|a 92 Lukáč, Emil Boleslav
|2 1981
|
| 100 |
1 |
|
|a Švantner, Ján,
|d 1949-
|4 aut
|9 93615
|
| 245 |
1 |
0 |
|a Za Emilom Boleslavom Lukáčom
|c Ján Švantner
|
| 600 |
1 |
7 |
|a Lukáč, Emil Boleslav,
|d 1900-1979
|2 snkbucl
|9 111229
|
| 655 |
|
7 |
|a nekrológy
|2 snkbucl
|9 402542
|
| 655 |
|
7 |
|a články z novín a časopisov
|2 snkbucl
|9 267496
|
| 655 |
|
7 |
|a články z odboru literárna veda a krásna literatúra
|2 snkbucl
|9 770045
|
| 773 |
0 |
|
|t Slovenské pohľady
|g Roč. 95, č. 10 (1979), s. 60-61
|
| 850 |
|
|
|a Slovenská národná knižnica
|
| 852 |
|
|
|a Slovenská národná knižnica
|
| 954 |
|
|
|a odborná, vedecká literatúra pôvodná (slovenská)
|2 lita
|
| 958 |
|
|
|a article27
|
| 958 |
|
|
|a RK
|
| 958 |
|
|
|a LX
|
| 958 |
|
|
|a OND
|
| 958 |
|
|
|a EUIPO
|
| 992 |
|
|
|a RBX
|
| 999 |
|
|
|c 2777688
|d 2779618
|